000 00405pab a2200145 454500
008 180718b1988 xxu||||| |||| 00| 0 eng d
100 _aKhanka, S.S.
245 _aRoad construction and hill environment (with special reference to U.P)
260 _c1988
300 _a21-8
362 _aJan.
650 _aRoads - Construction - India - U.P.
773 _aJournal of Rural Development
909 _a17265
999 _c17265
_d17265